00489nam a2200193 a 4500001001300000003000900013005001700022008004100039020001000080082001500090100002100105245003100126260003700157300000900194500003500203505000800238650002800246700002100274nice12345678IN_TiNIC20260116011445.0050524s0000 lona grp 000 0 eng  ac10000a242.1bKEM aKempis, Thomas A aOf the Imitation of Christ aLondonbWard, Lock and Co,c0000 a287p aincludes index and biblioraphy2 aIll aMeditation-Christianity1 aKempis, Thomas A